000 00395nam a2200181Ia 4500
100 _aWeiss/Mark Allen
650 _aDatastructures
250 _a2
942 _cBK
366 _f25
654 _adatastructures
245 _aDatastructures and algorithm analysis in C
260 _bPearson
_c1997
082 _a5.73
_bWEI
300 _a527
546 _aENGLISH
_cComputers
999 _c31479
_d31479